00750nam a2200241 a 4500001001300000003000900013005001700022008004100039020002200080082001500102100002100117245001900138260004600157300000900203500003500212505006500247650001700312700002100329902000800350942000700358952012600365999001700491nice12345678IN_TiNIC20260116013242.0050524s1996 newa grp 000 0 eng  a8123083 c7500a297.4bJOT aJotwani, Motilal aSufis of Sindh aNew DelhibPublication Division Goic1996 a218p aincludes index and biblioraphy2 aEnglish Rendering Muhammad Akbnar Muradpuri, Abul Aziz Kamal aSufism-Sindh1 aJotwani, Motilal bSRC cBK 001040708StackRoom-aHMIbHMId2014-01-31g75.00l2o297.4 JOTp018537r2020-09-07s2020-09-01v75.00w2005-05-24yBK c10266d10266